Francisco Domínguez Charro, o, La inestabilidad de la forma / (Record no. 31783)
[ view plain ]
| 000 -CABECERA | |
|---|---|
| campo de control de longitud fija | 00573nam a2200169 a 4500 |
| 001 - NÚMERO DE CONTROL | |
| campo de control | 000032292 |
| 005 - FECHA Y HORA DE LA ÚLTIMA TRANSACCIÓN | |
| campo de control | 20200930063607.0 |
| 008 - DATOS DE LONGITUD FIJA--INFORMACIÓN GENERAL | |
| campo de control de longitud fija | 110714s1946 dr 000 0 spa d |
| 040 ## - FUENTE DE LA CATALOGACIÓN | |
| Centro catalogador/agencia de origen | DO-SdBNP |
| Lengua de catalogación | spa |
| Centro/agencia transcriptor | BNPHU |
| 082 ## - NÚMERO DE LA CLASIFICACIÓN DECIMAL DEWEY | |
| Número de clasificación | xxx |
| Número de documento/Ítem | M843 |
| 049 ## - FONDOS LOCALES (OCLC) | |
| Fondos de biblioteca | BNPD |
| 100 1# - ENTRADA PRINCIPAL--NOMBRE DE PERSONA | |
| Nombre de persona | Moreno Jimenes, Domingo |
| 9 (RLIN) | 31950 |
| 245 10 - MENCIÓN DE TÍTULO | |
| Título | Francisco Domínguez Charro, o, La inestabilidad de la forma / |
| Mención de responsabilidad, etc. | Domingo Moreno Jimenes. |
| 246 13 - FORMA VARIANTE DE TÍTULO | |
| Título propio/Titulo breve | La inestabilidad de la forma |
| 260 ## - PUBLICACIÓN, DISTRIBUCIÓN, ETC. | |
| Lugar de publicación, distribución, etc. | San Pedro de Macorís, República Dominicana : |
| Nombre del editor, distribuidor, etc. | Tipografía Corazón de Jesús, |
| Fecha de publicación, distribución, etc. | 1946. |
| 300 ## - DESCRIPCIÓN FÍSICA | |
| Extensión | 7 p. ; |
| Dimensiones | 14 cm. |
| Estado de retiro | Estado de pérdida | Restricciones de uso | No para préstamo | Código de colección | Localización permanente | Ubicación/localización actual | Ubicación en estantería | Fecha de adquisición | Número de inventario | Total de préstamos | Signatura topográfica completa | Código de barras | Fecha visto por última vez | Precio válido a partir de | Tipo de ítem Koha | Nota pública |
|---|---|---|---|---|---|---|---|---|---|---|---|---|---|---|---|---|
| Excluido de préstamo | Raros y valiosos | Patrimonio Dominicano | Patrimonio Dominicano | En catalogación | 14.07.2011 | LF1 | xxx M843 | 32292-10 | 25.06.2020 | 25.06.2020 | No se presta | Perteneció a la biblioteca personal de Martínez Boog |
